Αιτιότητα κατά Granger μεταξύ της μεταβολής του ποσοστού συμμετοχής των ξένω θεσμικών στον FTSE πτυχιακή

Αποθηκεύτηκε σε:
Λεπτομέρειες βιβλιογραφικής εγγραφής
Κύριος συγγραφέας: Κούσιος, Χαράλαμπος
Συγγραφή απο Οργανισμό/Αρχή: Πανεπιστήμιο Αιγαίου Σχολή Επιστημών της Διοίκησης Τμήμα Ναυτιλίας και Επιχειρηματικών Υπηρεσιών Πρόγραμμα Μεταπτυχιακών Σπουδών "Ναυτιλία, Μεταφορές και Διεθνές Εμπόριο - ΝΑ.Μ.Ε."
Άλλοι συγγραφείς: Τσαμουργκέλης, Ιωάννης (Εισηγητής διατριβής)
Μορφή: Thesis Βιβλίο
Γλώσσα:Greek
Δημοσίευση: 2004-2005
Θέματα:
Διαθέσιμο Online:http://hdl.handle.net/11610/12984
Ετικέτες: Προσθήκη ετικέτας
Δεν υπάρχουν, Καταχωρήστε ετικέτα πρώτοι!

MARC

LEADER 00000cam a2200000 i 4500
001 1/39857
008 070108s2004 gre d
035 |l 10086691 
040 |a GR-MY-UA  |b gre  |e aacr 
041 0 |a gre 
082 0 |a 332.6  |2 (22) 
100 1 |a Κούσιος, Χαράλαμπος. 
245 1 0 |a Αιτιότητα κατά Granger μεταξύ της μεταβολής του ποσοστού συμμετοχής των ξένω θεσμικών στον FTSE/ASE 20 και των μεταβολών του Γ.Δ. του Χ.Α.Α :  |b πτυχιακή /  |c Κούσιος Χαράλαμπος ; επιβλέπων Τσαμουργκέλης Γιάννης 
260 |c 2004-2005 
300 |a 23 σ.;  |b διαγρ.;  |c 30 εκ. 
502 |a Διατριβή (μεταπτυχιακή) - Πανεπιστήμιο Αιγαίου, Χίος, 2004. 
504 |a Περιλαμβάνει βιβλιογραφία 
610 2 0 |a Πανεπιστήμιο Αιγαίου. 
650 0 0 |a Institutional investors. 
650 0 0 |a Dissertations, Academic  |z Greece. 
700 0 |a Τσαμουργκέλης, Ιωάννης.  |4 ths 
710 1 |a Πανεπιστήμιο Αιγαίου  |b Σχολή Επιστημών της Διοίκησης  |b Τμήμα Ναυτιλίας και Επιχειρηματικών Υπηρεσιών  |b Πρόγραμμα Μεταπτυχιακών Σπουδών "Ναυτιλία, Μεταφορές και Διεθνές Εμπόριο - ΝΑ.Μ.Ε.". 
852 |a INST  |b CHIOS  |c DIATR  |e 20070108  |h 332.6 ΚΟΥ  |p 005200024301  |q 005200024301  |t MTXE  |y 23 
852 |a INST  |b CHIOS  |c DIATR  |e 20070108  |h 332.6 ΚΟΥ  |p 005200024302  |q 005200024302  |t MTXE  |y 23 
856 |u http://hdl.handle.net/11610/12984  
901 |a BIBL2-2007-1 
909 |a Χ  |b 105645 
909 |a Χ  |b 102770 
924 |a ΚΟΥΣΙΟΣ  |b ΧΑΡΑΛΑΜΠΟΣ  |y ΧΙΟΣ  |z 2005-11 
970 |a ΒΑΣΙΛΑΚΗ  |b ΝΙΚΗ  |z 2007/01/08